000 00577nam a2200217 i 4500
001 114424
003 ES-MaACL
005 20250315062553.0
007 t|
008 070227s1985 sp ||||1| spa d
080 _a821.134.2-14"19"
100 1 _aCamino, Antonio del.
_934078
245 1 0 _aDel verbo y la penumbra /
_cAntonio del Camino.
250 _a1ª ed.
260 _aMadrid :
_bRialp,
_c1985.
300 _a87 p. ;
_c18 cm.
490 1 _aAdonais ;
_v422
830 0 0 _aAdonáis
_v422
_9173743
852 _aES-MaACL
_jJ-23-422
_bR.20352
999 _c114424
_d114424